000 00399cam a2200145ua 4500
003 OSt
008 240216b |||||||| |||| 00| 0 eng d
041 _aeng
082 _a658.514
_bIYE/EN
100 _aIyer, Parameshwar P .
_96055
245 _aEngineering project management with case studies /
260 _aNew Delhi :
_bVikas publishing house pvt ltd ,
_c2005.
300 _a ; .
942 _cBK
999 _c13408
_d13408